| 000 | 00415nam a22001697a 4500 | ||
|---|---|---|---|
| 003 | MPLRDC | ||
| 005 | 20220104125104.0 | ||
| 008 | 210129b ||||| |||| 00| 0 eng d | ||
| 020 | _a7-5431-0096-7 | ||
| 082 | _a857.9 GL-67 v.1 c.2 | ||
| 100 | _a古龙 | ||
| 245 |
_a大旗英雄传. 上 _c |
||
| 260 |
_a _b广州文化出版社 _c |
||
| 300 | _b平 | ||
| 650 | _a武侠小说 | ||
| 942 |
_cBK _o857.9 GL-67 v.1 c.2 |
||
| 999 |
_c24565 _d24555 |
||